000 00437ntaaa2200181 4500
003 01
005 20251027202623.0
008 0714s1973 ag 01
040 _aAR-BaBN
_bspa
_cAR-BaBN
_eaacr
_dRIC
082 _a371.0000 D519
100 _aDewey, John
_97046
245 _aEl niño y el programa escolar
250 _a1 ed.
260 _aBuenos Aires :
_bLosada,
_c1944
300 _a143 p
650 _aenseñanza
_92886
942 _cBK
999 _c21341
_d21341